000 02224cam a22006254i 4500
003 PE-LiUPU
005 20250731170425.0
008 181220s2018 miu r 001 0 eng d
020 _a9780310536420
020 _a0310536421
035 _a(Sirsi) a251113
040 _aPE-LiUPU
_bspa
_cPE-LiUPU
_erda
049 _aPRUA
082 0 4 _a170
_bR15
_223
100 1 _aRae, Scott B.,
_eautor.
245 1 0 _aMoral choices :
_ban introduction to ethics /
_cScott B. Rae.
250 _a4th edition.
264 1 _aGrand Rapids, Michigan :
_bZondervan,
_c2018.
300 _a522 páginas ;
_c24 centímetros
336 _atext
_2rdacontent
337 _aunmediated
_2rdamedia
338 _avolume
_2rdacarrier
504 _aÍndice : páginas 511-522.
505 0 _aIntroduction : why morality matters -- How to think about morality -- Christian ethics -- Making ethical decisions -- Ethics at the beginning of life, part 1 -- Ethics at the beginning of life, part 2 -- Biotechnology, genetics, and human cloning -- Ethical issues at the end of life -- Capital punishment -- War, violence, and morality -- Sexual ethics -- Creation care and environmental ethics -- Ethics and economics -- Violence and gun control -- Race, gender, and divesity -- Immigration, refugees, and border control.
526 _aSEG68
526 _aSEG70
526 _aSEG69
526 _aSEG67
526 _aSEG43
526 _aP144
526 _aP143
526 _aP131
526 _aP122
526 _aP120
526 _aP117
526 _aP112
526 _aP110
526 _aP106
526 _aP101
526 _aP80
526 _aP59
526 _aP54
526 _aP35
526 _aP33
526 _aP30
650 0 4 _aÉtica.
650 0 4 _aÉtica cristiana.
_91047
910 _adbm
_bncf
_cncf
_d20181220
942 _2ddc
_cBOOK
994 _aC0
_bPEPRU
598 _aCATALOGING
596 _a1
999 _a170 R15
_wLC
_c30563
_i79536
_d30563
_f2021-11-9
_g4
_lCCODEBUL1
_mBUL
_p23.99
_q1
_r0
_sY
_tBOOK
_u2018-12-20
_xTEOLOGIA
_PP85
_0COMPRA
_1FCOMPR2
_o.STAFF. Colección Teología
980 _81
_gALBERTO SANCHEZ Responsable de Automatización